Механизация в животновъдството (Запис номер 206761)
[ съкратено ]
| 000 -Лидер | |
|---|---|
| Контролно поле с фиксирана дължина | nam a22 a 4500 |
| 003 - Код на организацията, давaща контролен номер | |
| Контролно поле | BLK |
| 005 - Дата и час на последна редакция | |
| Контролно поле | 20220712102815.0 |
| 008 - Елементи от данни с фиксирана дължина | |
| fixed length control field | 180411b bul|||||r ||||||| ||bul|| |
| 010 ## - Наследен системен номер | |
| LC control number | KNG00216512000 |
| 040 ## - Източник на каталожния запис | |
| Идентификатор на билиотеката - собственик на записа | BLK |
| 041 ## - Код за език | |
| Код за езика на текст/звукозапис или на отделно заглавие | Български |
| Код за езика КДБФ | Български |
| 080 ## - УДК | |
| Текстов определител УДК | Животновъдни сгради и съоръжения. Ферми. Спомагателни помещения. Оборудване. Вж и 728. 9; 69; 636. 08; 727. 6; 631. 3 |
| УДК код - определител по УДК | 631.22 |
| УДК определител | (075.8) |
| УДК - код + определител | 631.22(075.8) |
| 100 1# - Редна дума - Автор | |
| Автор | Илиев, Борис |
| Авторска отговорност | първи автор |
| R(LIN) | 364547 |
| 139 ## - Редно поле | |
| Редна дума | Илиев, Борис и др. |
| Авторски знак | Илие - И 52 |
| 245 10 - Сведения за заглавието | |
| Заглавие | Механизация в животновъдството |
| Подзаглавни данни | Учебник за висшите селскостоп. уч. заведения |
| Редно поле (дума) | Борис Илиев, Гено Грозев. |
| 250 ## - Област на изданието | |
| Сведения за изданието | 3. прераб. изд. |
| 257 ## - Страна на издаване | |
| Страна на създаване/издаване | България |
| 260 ## - Област на издателските данни | |
| Място на издаване, разпространение и проч. | София |
| Име на издателя, разпространителя и проч. | Земиздат |
| Година на издаване | 1970 |
| 300 ## - Физическа характеристика | |
| Страници | 348 с. |
| Илюстрации и др. | с черт. |
| Размери/Мащаб | 23 см |
| 380 ## - Жанр | |
| Жанр | Селско стопанство |
| 500 ## - Общи забележки | |
| Забележка | Предходните изд. 1956 и 1963 с авт. Борис Илиев, Никола Станишев |
| 504 ## - Забележка за наличие на библиография и др | |
| Забележка за наличие на библиография и под. | Библиогр. с. 344-345 |
| 650 #0 - Допълнително описание по предмет – тема | |
| 9 (RLIN) | 251607 |
| Основно описание – тема или топоним | Животновъдство - механизация - учебници за ВУЗ |
| 700 1# - Други автори (авторска отговорност) | |
| Лично име | Грозев, Гено |
| Автороска отговорност (Описва отношението между автора и произведението) | съавт. |
| 9 (RLIN) | 386747 |
| 852 ## - Местоположение | |
| Форматна сигнатура | Цб 53917 |
| Фондова буква | Хранилище |
| 999 ## - СИСТЕМНИ КОНТРОЛНИ НОМЕРА | |
| Koha biblionumber | 206761 |
| Koha biblioitemnumber | 206761 |
| 942 ## - АРТИКУЛИ | |
| Вид на библиотечния материал | Книги |
| Скрит в OPAC | Не |
| Периодичен библиозапис | Да |
| 944 ## - СЪЗДАВАНЕ И РЕДАКЦИЯ на ЗАПИСА | |
| Създаване/Редакция | Създаване |
| Дата на регистрацията/редакция | 27.02.2018 |
| Служител, извършил регистрацията/редакцията | Кети_Илиева |
| 944 ## - СЪЗДАВАНЕ И РЕДАКЦИЯ на ЗАПИСА | |
| Създаване/Редакция | Редакция |
| Дата на регистрацията/редакция | 2022-07-12 |
| Служител, извършил регистрацията/редакцията | ГГГ |
| Код за отписване | Код за изгубен артикул | Източник на класификационната схема | Код за повреда | Коз за рестрикции | Код за отдаване | Артикулен № | Име на библиотеката - собственик | Име на библиотеката, в която се намира в момента | Статус (Текущо местоположение) | Дата на вписване в системата | Местоположение - отдел | Цена в лева | Инвентарен номер | Систематично азбучна сигнатура | Баркод | Номер на екземпляра | Цена в евро | Служебна бележка | Служебен тип на артикула |
|---|---|---|---|---|---|---|---|---|---|---|---|---|---|---|---|---|---|---|---|
| Не е изгубен | Universal Decimal Classification | Не е повреден | само за читалня | ползва се в читалня | 356300 | Регионална библиотека "Любен Каравелов" Русе | Регионална библиотека "Любен Каравелов" Русе | Хранилище | 2022-07-12 | Хранилище | 1.50 | 73132 | Цб 53917 | 120000073132 | 1 | 0.77 | Вид: Сф Дата: 01.01.1970 | Книги | |
| Изтеглен | Не е изгубен | Universal Decimal Classification | Не е повреден | без рестрикции | заемане за дома | 356301 | Регионална библиотека "Любен Каравелов" Русе | Регионална библиотека "Любен Каравелов" Русе | Заемна - подръчен фонд | 1970-01-01 | Заемна - подръчен фонд | 1.50 | 138386 | П 631/И 52 | 120000138386 | 2 | 0.77 | Вид: Сф Дата: 01.01.1970 Дата инв: 28.02.2018 Бележки инв: П2018 | Книги |